| Tag |
First Indicator |
Second Indicator |
Subfields |
| LEADER |
00000cam a2200000 a 4500 |
| 001 |
in00000075193 |
| 005 |
20151008060347.0 |
| 008 |
760408s1975 oncaf 00010 engm |
| 010 |
|
|
|a 75333203
|
| 015 |
|
|
|a C***
|
| 020 |
|
|
|z 0772010227
|
| 020 |
|
|
|z 0772010096 :
|c $8.95.
|
| 035 |
|
|
|a (OCoLC)02177471
|
| 035 |
|
|
|9 AAJ5597AM
|
| 040 |
|
|
|a DLC
|c DLC
|d m.c.
|d TXA
|d UtOrBLW
|
| 043 |
|
|
|a n-cn-nk
|
| 049 |
|
|
|a TXAM
|c [387851]
|
| 050 |
0 |
0 |
|a F1044.C2
|b N68 1975
|
| 082 |
0 |
|
|a 971.5
|
| 100 |
1 |
|
|a Nowlan, Alden.
|
| 245 |
1 |
0 |
|a Campobello :
|b the outer island /
|c by Alden Nowlan.
|
| 264 |
|
1 |
|a Toronto :
|b Clarke, Irwin,
|c [1975]
|
| 264 |
|
4 |
|c ©1975
|
| 300 |
|
|
|a 132 pages, 8 unnumbered pages of plates :
|b illustrations (some color) ;
|c 22 cm.
|
| 336 |
|
|
|a text
|b txt
|2 rdacontent
|
| 337 |
|
|
|a unmediated
|b n
|2 rdamedia
|
| 338 |
|
|
|a volume
|b nc
|2 rdacarrier
|
| 651 |
|
0 |
|a Campobello Island (N.B.)
|x History.
|
| 651 |
|
0 |
|a Roosevelt Campobello International Park.
|
| 999 |
|
|
|a MARS
|
| 999 |
f |
f |
|s 629aee84-cf5c-36e9-97d7-a9e4ee339799
|i 0f5d0e23-5257-3e9f-adad-8e58642fe6a0
|t 0
|
| 952 |
f |
f |
|p ric
|a Texas A&M University
|b Rellis Campus
|c Joint Library Facility
|d Remote Storage
|t 0
|e F1044.C2 N68 1975
|h Library of Congress classification
|i unmediated -- volume
|m A14806110795
|
| 998 |
f |
f |
|a F1044.C2 N68 1975
|t 0
|l Remote Storage
|